Otvorené počítačové siete /

Guardado en:
Detalles Bibliográficos
Autor principal: Pořízek, Radoslav (Autor)
Formato: Libro
Lenguaje:eslovaco
Publicado: Bratislava : SVŠT v Bratislave, 1989
Etiquetas: Agregar Etiqueta
Sin Etiquetas, Sea el primero en etiquetar este registro!

MARC

LEADER 00000nam a22000003a 4500
001 stu2194
005 20150617225619.5
008 920731s1989----cs------------------slo-d
040 |a STU  |b slo 
041 0 |a slo 
044 |a cs 
080 |a 681.324 
100 1 |a Pořízek, Radoslav  |4 aut 
245 1 |a Otvorené počítačové siete /  |c [aut.] Pořízek,Radoslav 
260 |a Bratislava :  |b SVŠT v Bratislave,  |c 1989 
300 |a 127 s 
996 |b E69717  |c E*69717  |l EE01  |s A  |a 24  |w stu2194_0001